000 01412nam a2200385 a 4500
001 20696
003 VRT
005 20260130103854.0
008 251113s1970 xo a slo
020 _c62,00
035 _aSNK000304246
035 _aurn:nbn:sk:snk-amyebl
035 _aurn:nbn:sk:snk-am00cft5
035 _a104004B7-9BC0-4550-80A6-B8390BD7005C
039 9 _a202511131451
_bVLOAD
_c202511131402
_dVLOAD
_c202503121319
_dVLOAD
_c202403181836
_dVLOAD
040 _aSNK
_bslo
_cSNK
_eAACR2
041 0 _aslo
044 _axo
_cSK
080 _a820(73)-31=854
_21981
080 _a82-312.4
_21981
100 1 _aGardner, Erle Stanley,
_d1889-1970
_4aut
245 1 0 _a[Perry Mason
_n1. zv.]
_pPrípad námesačníkovej netere
_pPrípad chromého kanárika
_pPrípad s hracími kockami
_cErle Stanley Gardner
260 _aBratislava
_bSlovenský spisovateľ
_c1971
300 _a540 s.
_c21 cm
490 1 _aZelená knižnica
500 _aNáhrada za stratený exemplár
650 0 7 _aamerická literatúra
_2SNKPH
650 0 7 _adetektívne romány
_2SNKPH
830 0 _aZelená knižnica
942 _2ddc
_cKLDO
_n0
949 _617A0171939
_9P60, <03>, [BOOK], {603}
_asnkSD 38418
_bsnkK 1623/98
_onáhrada S
_s6100:20161107
949 _617A0394485
_9P60, <05>, [BOOK], {605}
_asnkSD 38418 D1
_bsnkKSP 1196/71
999 _c20696
_d20696